Handbook of rigging for construction and industrial operations / (Record no. 546084)
[ view plain ]
| 000 -LEADER | |
|---|---|
| fixed length control field | 00729cam a2200217 a 4500 |
| 020 ## - INTERNATIONAL STANDARD BOOK NUMBER | |
| International Standard Book Number | 0070539413 : |
| 082 0# - DEWEY DECIMAL CLASSIFICATION NUMBER | |
| Classification number | 621.862 |
| Author Mark | ROS |
| -- | L-13, P-88 |
| 100 1# - MAIN ENTRY--PERSONAL NAME | |
| Personal name | Rossnagel, W. E. |
| 9 (RLIN) | 42138 |
| 245 10 - TITLE STATEMENT | |
| Title | Handbook of rigging for construction and industrial operations / |
| Statement of responsibility, etc. | W.E. Rossnagel, Lindley R. Higgins, Joseph A. MacDonald. |
| 250 ## - EDITION STATEMENT | |
| Edition statement | 4th ed. |
| 260 ## - PUBLICATION, DISTRIBUTION, ETC. | |
| Place of publication, distribution, etc. | New York : |
| Name of publisher, distributor, etc. | McGraw-Hill, |
| Date of publication, distribution, etc. | c1988. |
| 300 ## - PHYSICAL DESCRIPTION | |
| Extent | xi, 532 p. : |
| Other physical details | ill. ; |
| Dimensions | 24 cm. |
| 500 ## - GENERAL NOTE | |
| General note | Includes index. |
| 526 ## - STUDY PROGRAM INFORMATION NOTE | |
| Program name | 0 |
| Interest level | 0 |
| Reading level | 0 |
| Title point value | 621_862000000000000_ROS |
| 650 #0 - SUBJECT ADDED ENTRY--TOPICAL TERM | |
| Topical term or geographic name entry element | Hoisting machinery |
| General subdivision | Rigging. |
| 9 (RLIN) | 42139 |
| 650 #0 - SUBJECT ADDED ENTRY--TOPICAL TERM | |
| Topical term or geographic name entry element | MCE |
| 9 (RLIN) | 379 |
| 650 #0 - SUBJECT ADDED ENTRY--TOPICAL TERM | |
| Topical term or geographic name entry element | Scaffolding. |
| 9 (RLIN) | 42140 |
| 700 1# - ADDED ENTRY--PERSONAL NAME | |
| Personal name | Higgins, Lindley R. |
| 9 (RLIN) | 42141 |
| 700 1# - ADDED ENTRY--PERSONAL NAME | |
| Personal name | MacDonald, Joseph A. |
| 9 (RLIN) | 42142 |
| 942 ## - ADDED ENTRY ELEMENTS (KOHA) | |
| Source of classification or shelving scheme | |
| Koha item type | Book |
| Withdrawn status | Lost status | Source of classification or shelving scheme | Damaged status | Not for loan | Permanent Location | Current Location | Date acquired | Total Checkouts | Full call number | Barcode | Date last seen | Price effective from | Koha item type |
|---|---|---|---|---|---|---|---|---|---|---|---|---|---|
| Military College of Engineering (MCE) | Military College of Engineering (MCE) | 06/02/2014 | 621.862 ROS | MCE-27215 | 06/02/2014 | 06/02/2014 | Book |
